| 000 | 00634nam a22002417a 4500 | ||
|---|---|---|---|
| 003 | OSt | ||
| 005 | 20180116183008.0 | ||
| 008 | 150825b xxu||||| |||| 00| 0 eng d | ||
| 020 | _a9781452274614 | ||
| 022 | _a9781452274614 | ||
| 040 | _c0 | ||
| 050 | _a300.72'1 | ||
| 082 | _a300.72'1 | ||
| 100 | _aCreswell,John W. | ||
| 245 |
_aResearch Design. _bQualitative,Quantitative and mixed Methods Approaches. _cJohn W.Creswell. |
||
| 250 | _a4th. | ||
| 260 |
_aNew Delhi _bSAGE. _c2014. |
||
| 300 | _a273p. | ||
| 500 | _aPaper Cover | ||
| 600 | _aCreswell,John W. | ||
| 700 | _aCreswell,John W. | ||
| 942 |
_2ddc _cBK _k300.72'1 |
||
| 999 |
_c350161 _d350161 |
||